00419nam a2200145Ia 4500008004100000020001500041041000800056082001700064100005400081245005600135250000600191260004200197300001400239650002000253210716s2002 xx 000 0 und d a8120320298 aeng a004.602 WILA aWilfred, Ashish; Gupta, Meeta; Bhatnagar, Kartik. aPhp: professional projects.bProfessional projects. a1 aNew DelhibPHI Learning Pvt Ltdc2002 axxvii,868 aPHP Programming